A part of me is missing; how to cope with life after divorce. (Record no. 16627)

000 -LEADER
fixed length control field 00516nam a2200169 a 4500
001 - CONTROL NUMBER
control field :::00019800$&:&@@
003 - CONTROL NUMBER IDENTIFIER
control field OkBaRHE
005 - DATE AND TIME OF LATEST TRANSACTION
control field 20011102160212.0
008 - FIXED-LENGTH DATA ELEMENTS--GENERAL INFORMATION
fixed length control field s1979 j 000 0 eng u
040 ## - CATALOGING SOURCE
Transcribing agency
100 1# - MAIN ENTRY--PERSONAL NAME
Personal name Smith, Harold Ivan
245 12 - TITLE STATEMENT
Title A part of me is missing; how to cope with life after divorce.
260 ## - PUBLICATION, DISTRIBUTION, ETC. (IMPRINT)
Place of publication, distribution, etc Irvine, CA
Name of publisher, distributor, etc Harvest House
Date of publication, distribution, etc 1979
300 ## - PHYSICAL DESCRIPTION
Extent 142 p.
942 ## - ADDED ENTRY ELEMENTS (KOHA)
Source of classification or shelving scheme
Koha item type Books
Copies
Shelving location Lost status Source of classification or shelving scheme Damaged status Barcode Koha item type Copy number Date last seen Withdrawn status Permanent Location Price effective from Not for loan Full call number Date acquired
General Stacks   19800Books12010-04-14 RHEMA Bible Training College2010-04-14 HQ 814 .S652010-04-14